000 00898cab a2200289 4500
001 ABS59613
008 090401t1998 xxu||||| |||| 00| 0 eng d
035 _a(Sirsi) u89867
041 _aeng
100 _aJones, M.
245 _aCode cracking
260 _c1998
350 _a0
490 _aNew Civil Engineer
_v19 November 1998, 42(1)
520 _aDiscusses the provisions of the draft form of the Europe-wide code for concrete repairs and waterproofing concrete structures. Considers the use of mechanical methods and high pressure water jetting.
650 _aCONCRETE STRUCTURES
650 _aEUROPEAN STANDARDS
650 _aREINFORCEMENT
650 _aREMOVAL
650 _aRENOVATION
650 _aREPAIRS
650 _aWATER JETTING
650 _aWATERPROOFING
690 _aBUILDING AND CONSTRUCTION-REPAIRS AND MAINTENANCE
942 _n0
948 _c23/11/1998
999 _c56892
_d56892